| 000 -ლიდერი |
| ფიქსირებული სიგრძის საკონტროლო ველი |
02367nam a2200325Ia 4500 |
| 001 - საკონტროლო ნომერი |
| საკონტროლო ველი |
14706 |
| 003 - საკონტროლო ნომრის იდენტიფიკატორი |
| საკონტროლო ველი |
GE_BSU |
| 005 - ბოლო ოპერაციის თარიღი და დრო |
| საკონტროლო ველი |
20191223105827.0 |
| 008 - ფიქსირებული სიგრძის მონაცემთა ელემენტები - ზოგადი ინფორმაცია |
| ფიქსირებული სიგრძის საკონტროლო ველი |
181216s2012||||ge |||||||||||||| ||geo|| |
| 020 ## - წიგნის საერთაშორისო სტანდარტული ნომერი |
| International Standard Book Number |
9789941434020 |
| 040 ## - კატალოგიზაციის წყარო |
| Transcribing agency |
GE_BSU |
| 041 ## - ენის კოდი |
| Language code of text/sound track or separate title |
geo |
| 080 ## - უნივერსალური ათობითი კლასიფიკაციის ინდექსი |
| Universal Decimal Classification number |
94(479.223) ს-24 |
| 245 ## - ცნობა სათაურის შესახებ |
| Title |
სამხრეთ – დასავლეთ საქართველოს ისტორიის ნარკვევები. აჭარა. 1921-1990 წელი |
| Remainder of title |
აჭარა = Очерки истории Юго-Западной Грузии : Аджария : 4 ტომად. ტ. 4 / |
| Statement of responsibility, etc |
ტომის ავტ.: ოთარ თურმანიძე, აბელ სურგულაძე, მურად ჩავლეიშვილი და სხვ.; ტომის რედ. ოთარ თურმანიძე; მთ. რედ., ამირან კახიძე, ნოდარ კახიძე და სხვ. |
| 264 ## - წარმოების, გამოცემის, დისტრიბუციის და სხვა ცნობები |
| გამოცემის, წარმოების, დისტრიბუციის... ადგილი |
ბათუმი : |
| გამოცემის, წარმოების, დისტრიბუციის... სახელწოდება |
''გამომცემლობა აჭარის" პოლიგრ. ცენტრი, |
| გამოცემის, წარმოების, დისტრიბუციის... თარიღი |
2012. |
| 300 ## - ფიზიკური აღწერა |
| Extent |
646 გვ. : |
| Other physical details |
ილ. ; |
| Dimensions |
30 სმ. |
| 501 ## - შენიშვნა თანმხლებ მასალაზე |
| With note |
საძიებლები: გვ. 626-646. |
| 504 ## - BIBLIOGRAPHY, ETC. NOTE |
| Bibliography, etc |
ბიბლიოგრ. ტექსტ. შენიშვნ. |
| 653 ## - INDEX TERM--UNCONTROLLED |
| Uncontrolled term |
აჭარის ისტორია |
| 700 ## - ADDED ENTRY--PERSONAL NAME |
| Personal name |
თურმანიძე, ოთარ |
| Relator term |
ავტორი |
| 9 (RLIN) |
3946 |
| 700 ## - ADDED ENTRY--PERSONAL NAME |
| Personal name |
სურგულაძე, აბელ |
| Relator term |
ავტორი |
| 9 (RLIN) |
4388 |
| 700 ## - ADDED ENTRY--PERSONAL NAME |
| Personal name |
ჩავლეიშვილი, მურად |
| Relator term |
ავტორი |
| 9 (RLIN) |
4912 |
| 700 ## - ADDED ENTRY--PERSONAL NAME |
| Personal name |
კომახიძე, თეიმურაზ |
| Relator term |
ავტორი |
| 9 (RLIN) |
3432 |
| 700 ## - ADDED ENTRY--PERSONAL NAME |
| Personal name |
დუმბაძე, სერგო |
| Relator term |
ავტორი |
| 9 (RLIN) |
1492 |
| 700 ## - ADDED ENTRY--PERSONAL NAME |
| Personal name |
ჯიჯეიშვილი, მამია |
| Relator term |
ავტორი |
| 9 (RLIN) |
4913 |
| 700 ## - ADDED ENTRY--PERSONAL NAME |
| Personal name |
სურმანიძე, რამაზ |
| Relator term |
ავტორი |
| 9 (RLIN) |
1529 |
| 700 ## - ADDED ENTRY--PERSONAL NAME |
| Personal name |
თურმანიძე, ოთარ |
| Relator term |
რედაქტორი |
| 9 (RLIN) |
3946 |
| 710 ## - ADDED ENTRY--CORPORATE NAME |
| Corporate name or jurisdiction name as entry element |
ბათუმის შ. რუსთაველის სახელმწ. უნ-ტი |
| Subordinate unit |
ნიკო ბერძენიშვილის ჰუმანიტ. და სოც. მეცნ. მიმართულება; |
| 9 (RLIN) |
4914 |
| 942 ## - ADDED ENTRY ELEMENTS (KOHA) |
| Koha item type |
წიგნი |
| Source of classification or shelving scheme |
|